| 000 | 00723nam a22002057a 4500 | ||
|---|---|---|---|
| 003 | OSt | ||
| 005 | 20260601193906.0 | ||
| 008 | 260520b |||||||| |||| 00| 0 eng d | ||
| 040 |
_aICI _bspa _cICI |
||
| 041 |
_aspa _aeng |
||
| 050 |
_aNK1414 _bL46 |
||
| 100 |
_aLeón de la Barra, Cecilia, _eautor _934454 |
||
| 245 |
_aColección de momentos : _bDiseño en México, 1999-2015 |
||
| 260 |
_aCiudad de México : _bUniversidad Nacional Autónoma de México, Museo Universitario del Chopo, _c2018 |
||
| 300 | _a290 páginas : | ||
| 650 |
_aDiseño _xHistoria _zMéxico _934455 |
||
| 650 |
_aDiseño _vExposiciones _xEstudio y enseñanza _zMéxico _934456 |
||
| 650 |
_aDiseño _vExposiciones _zMéxico _934457 |
||
| 942 |
_2lcc _cB _n1 |
||
| 999 |
_c22397 _d22397 |
||